00294nam a2200109Ia 450000500170000000800410001710000190005824500700007726000130014730000110016065000130017120260328104310.0260328s9999||||xx |||||||||||||| ||und|| aHorta, Aurelio 0aPensar el Diseño una profesión del Siglo XXI /cAurelio Horta bVeritas  a191 p. aTEORÍA